Entry Topical Term
Number of records used in: 100
001 - CONTROL NUMBER
003 - CONTROL NUMBER IDENTIFIER
005 - DATE AND TIME OF LATEST TRANSACTION
- control field:
20160627092539.0
008 - FIXED-LENGTH DATA ELEMENTS
- fixed length control field:
160627|| aca||aabn | a|a d
040 ## - CATALOGING SOURCE
- Original cataloging agency:
OSt
- Transcribing agency:
OSt
150 ## - HEADING--TOPICAL TERM
- Topical term or geographic name as entry element:
Agriculture
670 ## - SOURCE DATA FOUND
- Source citation:
Work cat.: (OSt): Dandekar, V.M. 2836, The Indian Economy Agriculture, 1994